Statistics for Top 5 Welsh cities in Welsh

Click here to take the quiz!

General Stats

  • This quiz has been taken 399 times
  • The average score is 4 of 5

Answer Stats

City in WelshCity in English% Correct
CaerdyddCardiff
100%
AbertaweSwansea
88%
WrecsamWrexham
83%
Y BarriBarry
81%
CasnewyddNewport
73%

Score Distribution

Percentile by Number Answered

Percent of People with Each Score

Your Score History

You have not taken this quiz